LEADER 00613nam a2200193 i 4500 001 000000253697 003 CaOOAMICUS 005 20170410000000.0 008 170410s1837 it u000 u fre u 013 $a232602 040 $aSeMil$bita 245 10$aTome 4. 300 $aIII, 385 p. 773 0 $aMichelet, Jules <1798-1874>$tHistoire de France.$dBruxelles : Hauman & C., 1834-1844.$g4$w()12772 850 $aSeMil 852 $aSeMil$W1$xVenegono$y1$m3T I 60 FA$j204043$B204043$CSeMilBibl$Z2$F217460 $8I 941 1 $a10 961 $aRecupero: Mantegazza 996 $6245$aTome 4$9(OLS)http://semarc/title/1585 LEADER 01161nam a2200289 i 4500 001 000000036331 003 CaOOAMICUS 005 20231116124719.0 008 120402s1980 xx u000 u fre u 013 $a5679 020 $a2-220-02260-9 040 $aSeMil$bita 100 1 $aLouf, André,$c.$0(OLS)http://semarc/name/89735 245 13$aLa voie cistercienne :$bl'école de l'amour /$cdom André Louf. 260 $a[Bruges] :$bDesclée de Brouwer,$ccopyr. 1980. 300 $a169 p. ;$c20 cm. 490 0 $aVoies et étapes 650 4$aMonachesimo.$0(OLS)http://semarc/subject/4553 650 4$aSpiritualità.$0(OLS)http://semarc/subject/5428 830 0$aVoies et étapes.$0(OLS)http://semarc/title/30848 850 $aSeMil 852 $aSeMil$W1$xVenegono$y1$m2C V 214$j2486$B2486$CSeMilBibl$Z2$F2486 $81 961 $aOmaggio: Martinelli don Romano 996 $6020$a2-220-02260-9$9(OLS)http://semarc/number/4912 996 $6245$aLa voie cistercienne :$bl'école de l'amour$9(OLS)http://semarc/title/77475 996 $6260$a[Bruges] :$bDesclée de Brouwer$9(OLS)http://semarc/publisher/40270